Vybrané parametre podnikateľského prostredia v krajinách V4

Porovnanie vybraných parametrov podnikateľského prostredia v krajinách V4. Ukazovatele podnikateľského prostredia súvisiace so začatím podnikania. Registrácia vlastníckych práv k nehnuteľnosti. Daňové a odvodové zaťaženie podnikateľov. Vymáhateľnosť práva. Index podnikateľského prostredia.

Salvato in:
Dettagli Bibliografici
Autore principale: Demjanová, Lucia, 1981-
Natura: Capitolo di libro
Lingua:slovacco
Soggetti:
Tags: Aggiungi Tag
Nessun Tag, puoi essere il primo ad aggiungerne!!

MARC

LEADER 00000nla$a2200000$$$4500
001 0051055
005 20240502071607.2
041 0 |a slo 
044 |a SK 
245 1 0 |a Vybrané parametre podnikateľského prostredia v krajinách V4  |c Lucia Demjanová 
520 |a Porovnanie vybraných parametrov podnikateľského prostredia v krajinách V4. Ukazovatele podnikateľského prostredia súvisiace so začatím podnikania. Registrácia vlastníckych práv k nehnuteľnosti. Daňové a odvodové zaťaženie podnikateľov. Vymáhateľnosť práva. Index podnikateľského prostredia. 
610 2 0 |a prostredie podnikateľské 
610 2 0 |a porovnanie medzinárodné 
610 2 0 |a podnikanie 
610 2 0 |a zdaňovanie 
610 2 0 |a vymáhanie pohľadávok 
610 2 0 |a právo vlastnícke 
610 2 0 |a nehnuteľnosti 
610 2 0 |a Vyšehradská štvorka 
100 1 |a Demjanová, Lucia, 1981-